| 000 | 01028nam a22002537a 4500 | ||
|---|---|---|---|
| 003 | OSt | ||
| 005 | 20260423065716.0 | ||
| 008 | 260423b |||||||| |||| 00| 0 eng d | ||
| 020 | _a978-971-821-963-8 | ||
| 040 |
_aOC _cDWC-Main Lib |
||
| 082 | _aFil. 302.224 S612 2021 | ||
| 100 | _aSy, M. | ||
| 245 |
_aSimplify Your Language : _bA Worktext in Purposive Communication _cSy, Maristela |
||
| 260 |
_aMalabon City, Philippines : _b Mutya Publishing House Inc., _cc2021. |
||
| 300 |
_avi, 155 pages : _b illustrations ; _c26cm. |
||
| 504 | _aIncludes Bibliographical References | ||
| 650 | _a1. Communication Process | ||
| 650 | _a2. Language Art ( Communication Skills) | ||
| 650 | _a3. Oral Communication -- Worktext I. Josephine Visande II. Fiona Mary Cabrillos III. Berdita contreras | ||
| 700 |
_aVisande, Josephine C. _eAuthor |
||
| 700 |
_aCabrillos, Fiona Mary M. _eAuthor |
||
| 700 |
_aContretas, Berdita G. _eAuthor |
||
| 942 |
_2ddc _cBK - FIL _hFil. 302.224 S612 2021 _kFil. _n0 |
||
| 999 |
_c9804 _d9804 |
||